<?xml version="1.0" encoding="UTF-8"?>
<record
    xmlns:xsi="http://www.w3.org/2001/XMLSchema-instance"
    xsi:schemaLocation="http://www.loc.gov/MARC21/slim http://www.loc.gov/standards/marcxml/schema/MARC21slim.xsd"
    xmlns="http://www.loc.gov/MARC21/slim">

  <leader>03797namaa22004331i 4500</leader>
  <controlfield tag="003">EG-GICUC</controlfield>
  <controlfield tag="005">20260416112145.0</controlfield>
  <controlfield tag="008">260404s2025    ua a|||frm||| 000 0 eng d</controlfield>
  <datafield tag="040" ind1=" " ind2=" ">
    <subfield code="a">EG-GICUC</subfield>
    <subfield code="b">eng</subfield>
    <subfield code="c">EG-GICUC</subfield>
    <subfield code="d">EG-GICUC</subfield>
    <subfield code="e">rda</subfield>
  </datafield>
  <datafield tag="041" ind1="0" ind2=" ">
    <subfield code="a">eng</subfield>
    <subfield code="b">eng</subfield>
    <subfield code="b">ara</subfield>
  </datafield>
  <datafield tag="049" ind1=" " ind2=" ">
    <subfield code="a">Deposit</subfield>
  </datafield>
  <datafield tag="082" ind1="0" ind2="4">
    <subfield code="a">624.1821</subfield>
  </datafield>
  <datafield tag="092" ind1=" " ind2=" ">
    <subfield code="a">624.1821</subfield>
    <subfield code="2">21</subfield>
  </datafield>
  <datafield tag="097" ind1=" " ind2=" ">
    <subfield code="a">M.Sc</subfield>
  </datafield>
  <datafield tag="099" ind1=" " ind2=" ">
    <subfield code="a">Cai01.13.05.M.Sc.2025.Es.N</subfield>
  </datafield>
  <datafield tag="100" ind1="0" ind2=" ">
    <subfield code="a">Esraa Harby Ali Abdelghaffar,</subfield>
    <subfield code="e">preparation.</subfield>
  </datafield>
  <datafield tag="245" ind1="1" ind2="0">
    <subfield code="a">Numerical investigation on the flexural behavior of composite steel castellated beams subjected to pure bending /</subfield>
    <subfield code="c">by Esraa Harby Ali Abdelghaffar ; Supervisors Prof. Sherif A. Mourad, Prof. Dr. Omar A. Sediek.</subfield>
  </datafield>
  <datafield tag="246" ind1="1" ind2="5">
    <subfield code="a">&#x62F;&#x631;&#x627;&#x633;&#x629; &#x639;&#x62F;&#x62F;&#x64A;&#x629; &#x644;&#x633;&#x644;&#x648;&#x643; &#x627;&#x644;&#x625;&#x646;&#x62B;&#x646;&#x627;&#x621; &#x644;&#x644;&#x643;&#x645;&#x631;&#x627;&#x62A; &#x627;&#x644;&#x62D;&#x62F;&#x64A;&#x62F;&#x64A;&#x629; &#x627;&#x644;&#x645;&#x641;&#x631;&#x63A;&#x629; &#x627;&#x644;&#x645;&#x631;&#x643;&#x628;&#x629; &#x627;&#x644;&#x645;&#x639;&#x631;&#x636;&#x629; &#x644;&#x639;&#x632;&#x648;&#x645; &#x625;&#x646;&#x62D;&#x646;&#x627;&#x621; &#x641;&#x642;&#x637;</subfield>
  </datafield>
  <datafield tag="264" ind1=" " ind2="0">
    <subfield code="c">2025.</subfield>
  </datafield>
  <datafield tag="300" ind1=" " ind2=" ">
    <subfield code="a">78 pages :</subfield>
    <subfield code="b">illustrations ; </subfield>
    <subfield code="c">30 cm. + </subfield>
    <subfield code="e">CD.</subfield>
  </datafield>
  <datafield tag="336" ind1=" " ind2=" ">
    <subfield code="a">text</subfield>
    <subfield code="2">rda content</subfield>
  </datafield>
  <datafield tag="337" ind1=" " ind2=" ">
    <subfield code="a">Unmediated</subfield>
    <subfield code="2">rdamedia</subfield>
  </datafield>
  <datafield tag="338" ind1=" " ind2=" ">
    <subfield code="a">volume</subfield>
    <subfield code="2">rdacarrier</subfield>
  </datafield>
  <datafield tag="502" ind1=" " ind2=" ">
    <subfield code="a">Thesis (M.Sc)-Cairo University, 2025.</subfield>
  </datafield>
  <datafield tag="504" ind1=" " ind2=" ">
    <subfield code="a">Bibliography: pages 75-78.</subfield>
  </datafield>
  <datafield tag="520" ind1=" " ind2="3">
    <subfield code="a">The primary objective of this thesis is to analyze the behavior of composite 
steel cellular beams and quantify the reduction in moment capacity due to web 
openings. The study focuses on deriving a &#x3B2; (beta) reduction factor that reflects 
the capacity decline compared to solid composite beams. Using finite element 
analysis (FEA), we examine the impact of key parameters such as beam length 
(L), depth (d), opening diameter (D), and spacing (P) on the beam&#x2019;s capacity. 
The results are validated through comparisons with AISC Design Guide 31 and 
relevant design codes.  </subfield>
  </datafield>
  <datafield tag="520" ind1=" " ind2="3">
    <subfield code="a">&#x64A;&#x62A;&#x646;&#x627;&#x648;&#x644; &#x647;&#x630;&#x627; &#x627;&#x644;&#x628;&#x62D;&#x62B; &#x62F;&#x631;&#x627;&#x633;&#x629; &#x639;&#x62F;&#x62F;&#x64A;&#x629; &#x644;&#x62A;&#x62D;&#x644;&#x64A;&#x644; &#x633;&#x644;&#x648;&#x643; &#x627;&#x644;&#x643;&#x645;&#x631;&#x627;&#x62A; &#x627;&#x644;&#x641;&#x648;&#x644;&#x627;&#x630;&#x64A;&#x629; &#x627;&#x644;&#x645;&#x631;&#x643;&#x628;&#x629; &#x630;&#x627;&#x62A; &#x627;&#x644;&#x641;&#x62A;&#x62D;&#x627;&#x62A; &#x627;&#x644;&#x62E;&#x644;&#x648;&#x64A;&#x629;&#x60C; &#x645;&#x639; &#x627;&#x644;&#x62A;&#x631;&#x643;&#x64A;&#x632; &#x639;&#x644;&#x649; &#x62A;&#x62D;&#x62F;&#x64A;&#x62F; &#x627;&#x644;&#x627;&#x646;&#x62E;&#x641;&#x627;&#x636; &#x641;&#x64A; &#x627;&#x644;&#x639;&#x632;&#x645; &#x627;&#x644;&#x646;&#x627;&#x62A;&#x62C; &#x639;&#x646; &#x647;&#x630;&#x647; &#x627;&#x644;&#x641;&#x62A;&#x62D;&#x627;&#x62A;. &#x648;&#x644;&#x62A;&#x645;&#x62B;&#x64A;&#x644; &#x627;&#x644;&#x641;&#x631;&#x642; &#x641;&#x64A; &#x627;&#x644;&#x633;&#x639;&#x629; &#x645;&#x642;&#x627;&#x631;&#x646;&#x629; &#x628;&#x627;&#x644;&#x643;&#x645;&#x631;&#x627;&#x62A; &#x627;&#x644;&#x645;&#x635;&#x645;&#x62A;&#x629;&#x60C; &#x62A;&#x645; &#x627;&#x634;&#x62A;&#x642;&#x627;&#x642; &#x645;&#x639;&#x627;&#x645;&#x644; &#x62A;&#x642;&#x644;&#x64A;&#x644; &#x627;&#x644;&#x639;&#x632;&#x645; (&#x3B2;). &#x643;&#x645;&#x627; &#x62A;&#x645; &#x625;&#x62C;&#x631;&#x627;&#x621; &#x62A;&#x62D;&#x644;&#x64A;&#x644; &#x628;&#x627;&#x644;&#x639;&#x646;&#x627;&#x635;&#x631; &#x627;&#x644;&#x645;&#x62D;&#x62F;&#x62F;&#x629; &#x644;&#x62F;&#x631;&#x627;&#x633;&#x629; &#x62A;&#x623;&#x62B;&#x64A;&#x631; &#x639;&#x62F;&#x62F; &#x645;&#x646; &#x627;&#x644;&#x639;&#x648;&#x627;&#x645;&#x644; &#x627;&#x644;&#x647;&#x646;&#x62F;&#x633;&#x64A;&#x629; &#x645;&#x62B;&#x644; &#x637;&#x648;&#x644; &#x627;&#x644;&#x643;&#x645;&#x631;&#x629; &#x648;&#x639;&#x645;&#x642;&#x647;&#x627; &#x648;&#x642;&#x637;&#x631; &#x627;&#x644;&#x641;&#x62A;&#x62D;&#x627;&#x62A; &#x648;&#x627;&#x644;&#x645;&#x633;&#x627;&#x641;&#x627;&#x62A; &#x628;&#x64A;&#x646;&#x647;&#x627;. &#x628;&#x627;&#x644;&#x625;&#x636;&#x627;&#x641;&#x629; &#x625;&#x644;&#x649; &#x630;&#x644;&#x643;&#x60C; &#x62A;&#x645; &#x62D;&#x633;&#x627;&#x628; &#x645;&#x639;&#x627;&#x645;&#x644;&#x627;&#x62A; &#x627;&#x646;&#x62E;&#x641;&#x627;&#x636; &#x627;&#x644;&#x62A;&#x631;&#x62E;&#x64A;&#x645; &#x648;&#x645;&#x639;&#x627;&#x645;&#x644;&#x627;&#x62A; &#x627;&#x646;&#x62E;&#x641;&#x627;&#x636; &#x642;&#x648;&#x649; &#x627;&#x644;&#x642;&#x635; &#x644;&#x642;&#x64A;&#x627;&#x633; &#x62A;&#x623;&#x62B;&#x64A;&#x631; &#x627;&#x644;&#x641;&#x62A;&#x62D;&#x627;&#x62A; &#x639;&#x644;&#x649; &#x627;&#x644;&#x623;&#x62F;&#x627;&#x621; &#x627;&#x644;&#x62E;&#x62F;&#x645;&#x64A; &#x648;&#x627;&#x644;&#x625;&#x646;&#x634;&#x627;&#x626;&#x64A;. &#x648;&#x642;&#x62F; &#x634;&#x645;&#x644;&#x62A; &#x627;&#x644;&#x62F;&#x631;&#x627;&#x633;&#x629; &#x62B;&#x644;&#x627;&#x62B; &#x62D;&#x627;&#x644;&#x627;&#x62A; &#x62A;&#x62D;&#x645;&#x64A;&#x644; &#x645;&#x62E;&#x62A;&#x644;&#x641;&#x629; (&#x62D;&#x645;&#x644; &#x645;&#x631;&#x643;&#x632;&#x60C; &#x62D;&#x645;&#x644;&#x627;&#x646; &#x646;&#x642;&#x637;&#x64A;&#x627;&#x646;&#x60C; &#x648;&#x62D;&#x645;&#x644; &#x645;&#x648;&#x632;&#x639; &#x645;&#x646;&#x62A;&#x638;&#x645;) &#x643;&#x62C;&#x632;&#x621; &#x645;&#x646; &#x627;&#x644;&#x645;&#x62A;&#x63A;&#x64A;&#x631;&#x627;&#x62A; &#x627;&#x644;&#x623;&#x633;&#x627;&#x633;&#x64A;&#x629;. &#x648;&#x62A;&#x645;&#x62A; &#x645;&#x642;&#x627;&#x631;&#x646;&#x629; &#x627;&#x644;&#x646;&#x62A;&#x627;&#x626;&#x62C; &#x645;&#x639; &#x643;&#x648;&#x62F; AISC &#x648;&#x62F;&#x644;&#x627;&#x626;&#x644; &#x627;&#x644;&#x62A;&#x635;&#x645;&#x64A;&#x645; &#x627;&#x644;&#x645;&#x62A;&#x627;&#x62D;&#x629; &#x644;&#x644;&#x62A;&#x62D;&#x642;&#x642; &#x645;&#x646; &#x62F;&#x642;&#x62A;&#x647;&#x627; &#x648;&#x635;&#x644;&#x627;&#x62D;&#x64A;&#x62A;&#x647;&#x627; &#x644;&#x644;&#x62A;&#x637;&#x628;&#x64A;&#x642; &#x627;&#x644;&#x639;&#x645;&#x644;&#x64A;.</subfield>
  </datafield>
  <datafield tag="530" ind1=" " ind2=" ">
    <subfield code="a">Issues also as CD.</subfield>
  </datafield>
  <datafield tag="546" ind1=" " ind2=" ">
    <subfield code="a">Text in English and abstract in Arabic &amp; English.</subfield>
  </datafield>
  <datafield tag="650" ind1=" " ind2="0">
    <subfield code="a">Composite steel cellular beams</subfield>
  </datafield>
  <datafield tag="650" ind1=" " ind2="0">
    <subfield code="a">&#x627;&#x644;&#x643;&#x645;&#x631;&#x627;&#x62A; &#x627;&#x644;&#x641;&#x648;&#x644;&#x627;&#x630;&#x64A;&#x629; </subfield>
  </datafield>
  <datafield tag="653" ind1=" " ind2="1">
    <subfield code="a">Composite steel cellular beams  </subfield>
    <subfield code="a">Beta (&#x3B2;) reduction factor</subfield>
    <subfield code="a">Moment capacity</subfield>
    <subfield code="a">(&#x3B2;) &#x645;&#x639;&#x627;&#x645;&#x644; &#x627;&#x644;&#x62A;&#x642;&#x644;&#x64A;&#x644; &#x628;&#x64A;&#x62A;&#x627; </subfield>
    <subfield code="a">&#x627;&#x644;&#x643;&#x645;&#x631;&#x627;&#x62A; &#x627;&#x644;&#x641;&#x648;&#x644;&#x627;&#x630;&#x64A;&#x629; &#x627;&#x644;&#x645;&#x631;&#x643;&#x628;&#x629; &#x627;&#x644;&#x62E;&#x644;&#x648;&#x64A;&#x629;</subfield>
  </datafield>
  <datafield tag="700" ind1="0" ind2=" ">
    <subfield code="a">Sherif A. Mourad</subfield>
    <subfield code="e">thesis advisor.</subfield>
  </datafield>
  <datafield tag="700" ind1="0" ind2=" ">
    <subfield code="a">Omar A. Sediek</subfield>
    <subfield code="e">thesis advisor.</subfield>
  </datafield>
  <datafield tag="900" ind1=" " ind2=" ">
    <subfield code="b">01-01-2025</subfield>
    <subfield code="c">Sherif A. Mourad</subfield>
    <subfield code="c">Omar A. Sediek</subfield>
    <subfield code="d">Ashraf M. Osman</subfield>
    <subfield code="d">Sameh M. Gaawan</subfield>
    <subfield code="U">Cairo University</subfield>
    <subfield code="F">Faculty of Engineering</subfield>
    <subfield code="D">Department of Structural Engineering  </subfield>
  </datafield>
  <datafield tag="905" ind1=" " ind2=" ">
    <subfield code="a">Shimaa</subfield>
    <subfield code="e">Eman Ghareb</subfield>
  </datafield>
  <datafield tag="942" ind1=" " ind2=" ">
    <subfield code="2">ddc</subfield>
    <subfield code="c">TH</subfield>
    <subfield code="e">21</subfield>
    <subfield code="n">0</subfield>
  </datafield>
  <datafield tag="999" ind1=" " ind2=" ">
    <subfield code="c">179169</subfield>
  </datafield>
  <datafield tag="952" ind1=" " ind2=" ">
    <subfield code="2">ddc</subfield>
    <subfield code="9">316018</subfield>
    <subfield code="a">CUCL</subfield>
    <subfield code="b">cl210</subfield>
    <subfield code="d">2026-04-04</subfield>
    <subfield code="i">93655</subfield>
    <subfield code="o">Cai01.13.05.M.Sc.2025.Es.N</subfield>
    <subfield code="p">01010110093655000</subfield>
    <subfield code="r">2026-04-04 21:18:00</subfield>
    <subfield code="w">2026-04-04</subfield>
    <subfield code="y">TH</subfield>
  </datafield>
</record>
